Mórahalmi "többletek"
Elmentve itt :
| Szerző: | |
|---|---|
| Dokumentumtípus: | Cikk |
| Megjelent: |
1971-03-04
|
| Sorozat: | Délmagyarország
61 No. 53 |
| Kulcsszavak: | Mórahalom, Közrendvédelem határőrség Mórahalom, Fegyveres testület határőrség Mórahalom, Határőrközség Mórahalom |
| Online Access: | http://dmarchiv.bibl.u-szeged.hu/87774 |
| LEADER | 00553nab a2200157 i 4500 | ||
|---|---|---|---|
| 001 | delm87774 | ||
| 005 | 20190621094644.0 | ||
| 008 | 190502s1971 hu o 0|| hun d | ||
| 040 | |a SZTE Délmagyarország Archívum |b hun | ||
| 041 | |a hun | ||
| 100 | 1 | |a Gazsó Béla | |
| 245 | 1 | 0 | |a Mórahalmi "többletek" |h [elektronikus dokumentum] / |c Gazsó Béla |
| 260 | |c 1971-03-04 | ||
| 300 | |a 4 | ||
| 490 | 0 | |a Délmagyarország |v 61 No. 53 | |
| 695 | |a Mórahalom, Közrendvédelem határőrség Mórahalom, Fegyveres testület határőrség Mórahalom, Határőrközség Mórahalom | ||